00671nam a2200181 a 45000050016000000080041000160100013000570200026000700350013000960370017001090400018001260820011001442450156001552600059003112700066003703000029004367000024004652010051104214.0090414s2009 mau b 001 0 eng  aG-001317 c395.00a9788189930394 aG-001317 bPansy Books  adplbEnglish  a821.08 aA mingling of waters:cedited by Catherine Fletcher bwritings by the USKLE delegation to the 2008 Kolkata book fair and contemporary Bengali writers / aNew Delhi bSupernova Publishers & Distributors c2008 aN-34, Basement, Greater Kailash, Part-I, bNew Delhi e110048 axxxi, 317p. c20cm(pbk)  aFletcher, Catherine